[Event "19. Wch 2009 Veteranos"]
[Site "Condino ITA"]
[Date "2009.11.05"]
[Round "9.20"]
[White "Clemens, Christian Dr"]
[Black "Acers, Jude"]
[Result "1-0"]
[WhiteElo "2330"]
[BlackElo "2225"]
[PlyCount "120"]
[EventDate "2009.10.27"]
[EventType "swiss"]
[EventRounds "11"]
[EventCountry "ITA"]
[Source "lmi"]
[SourceDate "2009.10.27"]

1. c4 e5 2. g3 Nf6 3. Bg2 c6 4. d4 exd4 5. Qxd4 Na6 6. Nf3 Bc5 7. Qe5+ Be7 8.
O-O O-O 9. Nc3 Re8 10. Qf4 Bb4 11. Bd2 d5 12. cxd5 Bxc3 13. Bxc3 Nxd5 14. Qd4
Nxc3 15. bxc3 Qxd4 16. Nxd4 Nc5 17. Nxc6 bxc6 18. Bxc6 Ba6 19. Bxa8 Rxa8 20.
Rfe1 g6 21. Rac1 Bc4 22. Rc2 Re8 23. f3 f5 24. Kf2 Rd8 25. Rb1 Rd7 26. Rb4 Be6
27. Ke3 Kg7 28. Rb5 Nb7 29. c4 Rc7 30. c5 a6 31. Rbb2 Na5 32. Rb4 Nc6 33. Rb6
a5 34. Kf4 Nb4 35. Rd2 Rxc5 36. e4 g5+ 37. Ke3 Rc3+ 38. Kd4 Rc7 39. exf5 Rd7+
40. Kc5 Rxd2 41. fxe6 Kf8 42. a3 Rc2+ 43. Kd6 Rd2+ 44. Ke5 Nd5 45. Rb8+ Ke7 46.
Rb7+ Ke8 47. Rxh7 Ne3 48. Kf6 Nd5+ 49. Kxg5 Re2 50. f4 Rxe6 51. Ra7 Re2 52.
Rxa5 Ne7 53. h4 Kf7 54. h5 Re6 55. a4 Rb6 56. f5 Ng8 57. Ra7+ Kf8 58. g4 Nh6
59. a5 Rc6 60. Rb7 Ng8 1-0

[Event "19. Wch 2009 Veteranos"]
[Site "Condino ITA"]
[Date "2009.11.05"]
[Round "9.21"]
[White "Kernazhitsky, Leonid"]
[Black "Hohler, Peter"]
[Result "*"]
[WhiteElo "2325"]
[BlackElo "2200"]
[PlyCount "26"]
[EventDate "2009.10.27"]
[EventType "swiss"]
[EventRounds "11"]
[EventCountry "ITA"]
[Source "lmi"]
[SourceDate "2009.10.27"]

1. e4 e5 2. Nf3 Nc6 3. d4 exd4 4. Nxd4 Nf6 5. Nxc6 bxc6 6. e5 Qe7 7. Qe2 Nd5 8.
c4 Ba6 9. b3 g5 10. Bb2 Bg7 11. Nd2 O-O-O 12. O-O-O Nf4 13. Qe3 Kb8 *

[Event "19. Wch 2009 Veteranos"]
[Site "Condino ITA"]
[Date "2009.11.05"]
[Round "9.22"]
[White "Busu, Corneliu"]
[Black "Hvenekilde, Jorgen"]
[Result "1/2-1/2"]
[WhiteElo "2320"]
[BlackElo "2160"]
[PlyCount "26"]
[EventDate "2009.10.27"]
[EventType "swiss"]
[EventRounds "11"]
[EventCountry "ITA"]
[Source "lmi"]
[SourceDate "2009.10.27"]

1. d4 d5 2. c4 e5 3. dxe5 d4 4. Nf3 Nc6 5. g3 Bg4 6. Bg2 Qd7 7. Nbd2 Nge7 8. b3
Ng6 9. Bb2 Be7 10. O-O Rd8 11. Qc1 h5 12. h4 Ngxe5 13. Re1 O-O 1/2-1/2

[Event "19. Wch 2009 Veteranos"]
[Site "Condino ITA"]
[Date "2009.11.05"]
[Round "9.23"]
[White "Gutzeit, Avraham"]
[Black "Wahlbom, Magnus"]
[Result "1/2-1/2"]
[WhiteElo "2140"]
[BlackElo "2315"]
[PlyCount "52"]
[EventDate "2009.10.27"]
[EventType "swiss"]
[EventRounds "11"]
[EventCountry "ITA"]
[Source "lmi"]
[SourceDate "2009.10.27"]

1. e4 c5 2. Nf3 e6 3. b3 Nc6 4. Bb2 d6 5. d4 cxd4 6. Nxd4 Nf6 7. Bd3 Bd7 8. O-O
Be7 9. c4 O-O 10. Nd2 Qb6 11. Nc2 Ne5 12. Be2 Bc6 13. Bd4 Qc7 14. f3 b6 15. Rc1
Ng6 16. Be3 Rad8 17. Nd4 Bb7 18. Qe1 Qb8 19. Qg3 Rfe8 20. Rfe1 d5 21. Qxb8 Rxb8
22. exd5 exd5 23. Nc2 Bf8 24. Bf1 Rbd8 25. Bf2 Rxe1 26. Rxe1 Bc8 1/2-1/2

[Event "19. Wch 2009 Veteranos"]
[Site "Condino ITA"]
[Date "2009.11.05"]
[Round "9.24"]
[White "Van Den Berg, Ad"]
[Black "Sloth, Jorn"]
[Result "0-1"]
[WhiteElo "2220"]
[BlackElo "2310"]
[PlyCount "104"]
[EventDate "2009.10.27"]
[EventType "swiss"]
[EventRounds "11"]
[EventCountry "ITA"]
[Source "lmi"]
[SourceDate "2009.10.27"]

1. e4 e6 2. d4 d5 3. Nc3 Bb4 4. e5 Ne7 5. Qg4 Nf5 6. Bd3 h5 7. Qf4 c5 8. Nf3
Nxd4 9. Nxd4 cxd4 10. Qxd4 Nc6 11. Bb5 Be7 12. Bd2 Bd7 13. Bxc6 Bxc6 14. O-O
Qc7 15. Rfe1 Bd7 16. Be3 a6 17. a4 Rc8 18. Rad1 Qc5 19. Qxc5 Bxc5 20. Bxc5 Rxc5
21. Rd4 Ke7 22. Rb4 Bc6 23. f4 h4 24. Rd4 Rc4 25. Rxc4 dxc4 26. Rd1 g5 27. Rf1
gxf4 28. Rxf4 Rd8 29. Rxh4 Rd2 30. Rg4 Rxc2 31. h4 Rxb2 32. h5 Rd2 33. Rg8 Rd4
34. g3 Rd2 35. a5 Rc2 36. h6 Rg2+ 37. Kf1 Rh2 38. Rg4 Rxh6 39. Rxc4 Rh5 40. Rc5
Kd7 41. Kf2 f6 42. g4 Rg5 43. Ne2 Rxg4 44. exf6 Rg6 45. Nd4 Rxf6+ 46. Ke3 Kd6
47. Rc1 Bd5 48. Rb1 e5 49. Rb6+ Ke7 50. Rxf6 Kxf6 51. Nc2 Ke6 52. Kd2 Kd6 0-1

[Event "19. Wch 2009 Veteranos"]
[Site "Condino ITA"]
[Date "2009.11.05"]
[Round "9.25"]
[White "Arkhangelsky, Boris"]
[Black "Feller, Josy"]
[Result "1/2-1/2"]
[WhiteElo "2290"]
[BlackElo "2195"]
[PlyCount "43"]
[EventDate "2009.10.27"]
[EventType "swiss"]
[EventRounds "11"]
[EventCountry "ITA"]
[Source "lmi"]
[SourceDate "2009.10.27"]

1. c4 e5 2. Nc3 Bb4 3. Qc2 Nc6 4. e3 Nf6 5. Nf3 O-O 6. Nd5 Be7 7. a3 d6 8. Bd3
h6 9. O-O Be6 10. Nxf6+ Bxf6 11. Be4 d5 12. cxd5 Bxd5 13. d3 Qd7 14. b4 a6 15.
Bb2 Rad8 16. Bc3 Qe6 17. Rac1 Bxe4 18. dxe4 Rd7 19. Rfd1 Rfd8 20. Rxd7 Qxd7 21.
h3 Qe6 22. Bb2 1/2-1/2

[Event "19. Wch 2009 Veteranos"]
[Site "Condino ITA"]
[Date "2009.11.05"]
[Round "9.26"]
[White "Grinberg, Iosif P"]
[Black "Buxade, Roca Guillermo"]
[Result "0-1"]
[WhiteElo "2280"]
[BlackElo "2175"]
[PlyCount "106"]
[EventDate "2009.10.27"]
[EventType "swiss"]
[EventRounds "11"]
[EventCountry "ITA"]
[Source "lmi"]
[SourceDate "2009.10.27"]

1. d4 d5 2. c4 c6 3. Nf3 Nf6 4. Nc3 e6 5. g3 Be7 6. Bg2 Nbd7 7. b3 O-O 8. O-O
b6 9. Bb2 Ba6 10. Nd2 Rc8 11. e4 e5 12. dxe5 Nxe5 13. exd5 Nd3 14. Rb1 Nxb2 15.
Rxb2 cxd5 16. Nxd5 Nxd5 17. Bxd5 Rc7 18. a4 Bb4 19. Qf3 Bc8 20. Ne4 Bh3 21. Rd1
Qc8 22. Qf4 Re7 23. Rbb1 Qf5 24. f3 Qxf4 25. gxf4 Bf5 26. Kf2 g6 27. Rb2 Kg7
28. Kg2 Rd8 29. h4 Be6 30. Rc2 Red7 31. Kg3 a5 32. Ng5 h6 33. Ne4 Bxd5 34. cxd5
Rxd5 35. Rxd5 Rxd5 36. Rc6 b5 37. Nf6 Be1+ 38. Kh3 Rd3 39. axb5 Rxf3+ 40. Kg2
Rxb3 41. Ne8+ Kf8 42. Nc7 Bxh4 43. f5 gxf5 44. Rxh6 Bg3 45. b6 Be5 46. Nd5 Rb5
47. Nc7 Rb2+ 48. Kf3 a4 49. Rh4 a3 50. Ra4 a2 51. Ra8+ Kg7 52. Ne8+ Kg6 53. b7
a1=Q 0-1

[Event "19. Wch 2009 Veteranos"]
[Site "Condino ITA"]
[Date "2009.11.05"]
[Round "9.27"]
[White "Titz, Heimo"]
[Black "Nickl, Klaus"]
[Result "1/2-1/2"]
[WhiteElo "2265"]
[BlackElo "2150"]
[PlyCount "34"]
[EventDate "2009.10.27"]
[EventType "swiss"]
[EventRounds "11"]
[EventCountry "ITA"]
[Source "lmi"]
[SourceDate "2009.10.27"]

1. d4 Nf6 2. c4 g6 3. Nc3 Bg7 4. e4 d6 5. Nf3 O-O 6. Be2 e5 7. O-O exd4 8. Nxd4
Re8 9. f3 Nc6 10. Be3 Nh5 11. g4 Be5 12. gxh5 Bxh2+ 13. Kxh2 Qh4+ 14. Kg1 Qg3+
15. Kh1 Qh3+ 16. Kg1 Qg3+ 17. Kh1 Qh3+ 1/2-1/2

[Event "19. Wch 2009 Veteranos"]
[Site "Condino ITA"]
[Date "2009.11.05"]
[Round "9.28"]
[White "Wittmann, Walter"]
[Black "Blaushtain, Boris"]
[Result "1-0"]
[WhiteElo "2290"]
[BlackElo "2155"]
[PlyCount "43"]
[EventDate "2009.10.27"]
[EventType "swiss"]
[EventRounds "11"]
[EventCountry "ITA"]
[Source "lmi"]
[SourceDate "2009.10.27"]

1. e4 g6 2. d4 Bg7 3. Nf3 c5 4. dxc5 Qa5+ 5. c3 Qxc5 6. Na3 a6 7. Nc4 Nc6 8.
Be3 Qh5 9. Be2 g5 10. Nb6 Rb8 11. Nxc8 Rxc8 12. Ne5 Qxe2+ 13. Qxe2 Nxe5 14.
Bxg5 h6 15. Bh4 Nf6 16. f4 Nc4 17. Bxf6 Bxf6 18. e5 Bg7 19. O-O O-O 20. Rad1
Rfd8 21. b3 Na5 22. Rd3 1-0

[Event "19. Wch 2009 Veteranos"]
[Site "Condino ITA"]
[Date "2009.11.05"]
[Round "9.29"]
[White "Muratoglu, Salih"]
[Black "Sherwin, James T"]
[Result "0-1"]
[WhiteElo "2110"]
[BlackElo "2230"]
[PlyCount "94"]
[EventDate "2009.10.27"]
[EventType "swiss"]
[EventRounds "11"]
[EventCountry "ITA"]
[Source "lmi"]
[SourceDate "2009.10.27"]

1. d4 Nf6 2. c4 c5 3. Nf3 cxd4 4. Nxd4 e6 5. Nc3 Bb4 6. Qc2 Nc6 7. e3 O-O 8.
Be2 d5 9. Nxc6 bxc6 10. O-O Bd6 11. Rd1 Bb7 12. c5 Be7 13. a3 a5 14. Na4 Nd7
15. Rb1 Ba6 16. Bxa6 Rxa6 17. e4 Qa8 18. Be3 Rc8 19. Rd3 e5 20. f4 exf4 21.
Bxf4 Qa7 22. exd5 cxd5 23. Rxd5 Qb7 24. Rbd1 Nf6 25. R5d4 Re6 26. b4 axb4 27.
axb4 h6 28. Qd3 Ne4 29. Nb6 Re8 30. Rd7 Qc6 31. Rc7 Nxc5 32. Rxc6 Nxd3 33. Rxe6
Nxf4 34. Re3 Bc5 35. bxc5 Rxe3 36. g3 Ne6 37. Rc1 Nc7 38. Rd1 Rc3 39. Rd8+ Kh7
40. Nd7 Kg6 41. Rc8 Ne6 42. Kf2 Kf5 43. c6 Ke4 44. h4 Rc2+ 45. Kf1 Kf3 46. Ne5+
Kxg3 47. Nxf7 Rf2+ 0-1

[Event "19. Wch 2009 Veteranos"]
[Site "Condino ITA"]
[Date "2009.11.05"]
[Round "9.30"]
[White "Stuart, Peter"]
[Black "Ivanets, Vladimir"]
[Result "*"]
[WhiteElo "2070"]
[BlackElo "2230"]
[PlyCount "26"]
[EventDate "2009.10.27"]
[EventType "swiss"]
[EventRounds "11"]
[EventCountry "ITA"]
[Source "lmi"]
[SourceDate "2009.10.27"]

1. Nf3 c5 2. c4 b6 3. Nc3 g6 4. g3 Bg7 5. Bg2 Bb7 6. O-O Nf6 7. d4 cxd4 8. Nxd4
Bxg2 9. Kxg2 O-O 10. e3 Nc6 11. Nxc6 dxc6 12. Qc2 Rc8 13. a4 a5 *

[Event "19. Wch 2009 Veteranos"]
[Site "Condino ITA"]
[Date "2009.11.05"]
[Round "9.31"]
[White "Rotelli, Pietro"]
[Black "Rosino, Antonio"]
[Result "0-1"]
[WhiteElo "1975"]
[BlackElo "2225"]
[PlyCount "54"]
[EventDate "2009.10.27"]
[EventType "swiss"]
[EventRounds "11"]
[EventCountry "ITA"]
[Source "lmi"]
[SourceDate "2009.10.27"]

1. d4 Nf6 2. c4 g6 3. Nc3 d5 4. e3 Bg7 5. Nf3 O-O 6. Bd3 c5 7. O-O Nc6 8. cxd5
Nxd5 9. Be4 Nf6 10. Bxc6 bxc6 11. dxc5 Qa5 12. Bd2 Qxc5 13. h3 Rd8 14. Rc1 Be6
15. Qa4 Qb6 16. Rc2 Rd6 17. e4 Nd7 18. Be3 c5 19. Bf4 Rd3 20. Ne1 Rd4 21. Qb5
Bc4 22. Qxb6 axb6 23. Be3 Bxf1 24. Bxd4 cxd4 25. Nd5 Ba6 26. Rc7 Nf6 27. Nxe7+
Kf8 0-1

[Event "19. Wch 2009 Veteranos"]
[Site "Condino ITA"]
[Date "2009.11.05"]
[Round "9.33"]
[White "De Laubadere, Philippe"]
[Black "Zoltek, Tadeusz"]
[Result "0-1"]
[WhiteElo "1970"]
[BlackElo "2210"]
[PlyCount "66"]
[EventDate "2009.10.27"]
[EventType "swiss"]
[EventRounds "11"]
[EventCountry "ITA"]
[Source "lmi"]
[SourceDate "2009.10.27"]

1. d4 Nf6 2. c4 e6 3. Nc3 d5 4. Nf3 Nbd7 5. a3 Be7 6. Bf4 O-O 7. e3 c6 8. h3
Nh5 9. Bh2 f5 10. Ne5 Nhf6 11. Bd3 Ne4 12. O-O Ndf6 13. Rc1 Bd7 14. Ne2 Be8 15.
f3 Nd6 16. Bb1 Nxc4 17. Nxc4 dxc4 18. Rxc4 Nd5 19. Qb3 Bg5 20. f4 Bf6 21. Qd3
Bg6 22. Bg3 Bh5 23. Nc1 b5 24. Rxc6 Nxe3 25. Re1 Qd5 26. Rc2 Nxc2 27. Bxc2
Qxd4+ 28. Bf2 Qxd3 29. Nxd3 Rfc8 30. Bb3 Bf7 31. Bxe6 Bxe6 32. Rxe6 Rd8 33. Ne5
Rd1+ 0-1

[Event "19. Wch 2009 Veteranos"]
[Site "Condino ITA"]
[Date "2009.11.05"]
[Round "9.43"]
[White "Stull, Norbert"]
[Black "Bondar, Leonid"]
[Result "1-0"]
[WhiteElo "2165"]
[BlackElo "2050"]
[PlyCount "43"]
[EventDate "2009.10.27"]
[EventType "swiss"]
[EventRounds "11"]
[EventCountry "ITA"]
[Source "lmi"]
[SourceDate "2009.10.27"]

1. c4 Nf6 2. Nc3 e6 3. Nf3 d5 4. d4 Bb4 5. e3 Nc6 6. Bd3 Ne4 7. Qc2 f5 8. O-O
O-O 9. cxd5 exd5 10. Nxd5 Be6 11. Nf4 Bf7 12. Bxe4 fxe4 13. Qxe4 Re8 14. Qc2 g5
15. Nd3 Bd6 16. Bd2 g4 17. Nfe5 Nxe5 18. Nxe5 Bxe5 19. dxe5 Rxe5 20. Bc3 Re6
21. Qa4 Qg5 22. Qd4 1-0

[Event "19. Wch 2009 Veteranos"]
[Site "Condino ITA"]
[Date "2009.11.05"]
[Round "9.49"]
[White "Ozbilen, Hayri"]
[Black "Blasco, Domenico"]
[Result "1-0"]
[WhiteElo "2110"]
[BlackElo "1980"]
[PlyCount "57"]
[EventDate "2009.10.27"]
[EventType "swiss"]
[EventRounds "11"]
[EventCountry "ITA"]
[Source "lmi"]
[SourceDate "2009.10.27"]

1. Nf3 Nf6 2. g3 g6 3. Bg2 Bg7 4. c4 c5 5. Nc3 Nc6 6. O-O e5 7. e3 O-O 8. d4 d6
9. b3 exd4 10. exd4 cxd4 11. Nb5 Bg4 12. h3 Bxf3 13. Bxf3 a6 14. Bxc6 bxc6 15.
Nxd4 Qd7 16. Kg2 Ne4 17. Qd3 f5 18. Rb1 Rad8 19. Ne2 d5 20. Ba3 Rfe8 21. Rfd1
Qa7 22. Rf1 Kh8 23. Rbd1 dxc4 24. Qxd8 Rxd8 25. Rxd8+ Bf8 26. Bxf8 Qc7 27. Rfd1
Nf6 28. Bh6+ Ng8 29. R1d7 1-0

[Event "19. Wch 2009 Veteranos"]
[Site "Condino ITA"]
[Date "2009.11.05"]
[Round "9.50"]
[White "Laco, Giuseppe"]
[Black "Pedrotti, Luciano"]
[Result "1-0"]
[WhiteElo "2125"]
[BlackElo "1825"]
[PlyCount "99"]
[EventDate "2009.10.27"]
[EventType "swiss"]
[EventRounds "11"]
[EventCountry "ITA"]
[Source "lmi"]
[SourceDate "2009.10.27"]

1. c4 Nf6 2. b4 e6 3. a3 b6 4. Bb2 Be7 5. Qc2 Bb7 6. f3 c5 7. b5 O-O 8. e4 d6
9. Bd3 e5 10. g4 Nfd7 11. Ne2 Re8 12. Ng3 Nf8 13. Nc3 Ng6 14. Nce2 Nh4 15. O-O
g6 16. h3 Bc8 17. a4 Nd7 18. a5 a6 19. axb6 Nxb6 20. Bc3 axb5 21. Rxa8 Nxa8 22.
cxb5 Be6 23. Ba1 Nb6 24. Nc3 Qa8 25. Be2 Bg5 26. Bb2 Qb7 27. Rf2 Ra8 28. Nf1 h5
29. Ne3 Bf4 30. Ng2 Nxg2 31. Kxg2 hxg4 32. fxg4 Kg7 33. Rxf4 exf4 34. Nd5+ Kf8
35. Nxf4 Ra4 36. d3 Rb4 37. Qc3 Rd4 38. Nxe6+ fxe6 39. Qc1 Qg7 40. Qg5 Ke8 41.
Bxd4 cxd4 42. Bd1 Nd7 43. b6 Nxb6 44. Qb5+ Nd7 45. Ba4 Qe7 46. Qb7 Qd8 47. h4
Ke7 48. Kh3 g5 49. h5 e5 50. Qxd7+ 1-0

[Event "19. Wch 2009 Veteranos"]
[Site "Condino ITA"]
[Date "2009.11.05"]
[Round "9.51"]
[White "Mueller, Rudolf"]
[Black "Hellwege, Werner"]
[Result "1-0"]
[WhiteElo "2265"]
[BlackElo "2000"]
[PlyCount "35"]
[EventDate "2009.10.27"]
[EventType "swiss"]
[EventRounds "11"]
[EventCountry "ITA"]
[Source "lmi"]
[SourceDate "2009.10.27"]

1. e4 c5 2. Nf3 d6 3. d4 cxd4 4. Nxd4 Nf6 5. Nc3 a6 6. a4 b6 7. Bc4 e6 8. Bg5
Be7 9. O-O O-O 10. f4 h6 11. Bxf6 Bxf6 12. f5 Qc7 13. fxe6 Qxc4 14. Rxf6 gxf6
15. Nf5 Qc5+ 16. Kh1 fxe6 17. Qg4+ Kf7 18. Qg7+ 1-0

[Event "19. Wch 2009 Veteranos"]
[Site "Condino ITA"]
[Date "2009.11.05"]
[Round "9.52"]
[White "Giani, Franco"]
[Black "Taksrud, Vidar"]
[Result "0-1"]
[WhiteElo "2000"]
[BlackElo "2110"]
[PlyCount "30"]
[EventDate "2009.10.27"]
[EventType "swiss"]
[EventRounds "11"]
[EventCountry "ITA"]
[Source "lmi"]
[SourceDate "2009.10.27"]

1. e3 Nf6 2. c4 e5 3. a3 d5 4. cxd5 Nxd5 5. Bc4 Nb6 6. Ba2 Bd6 7. Ne2 Nc6 8.
Nbc3 O-O 9. O-O Bf5 10. d3 Qh4 11. e4 Bg4 12. Be3 Nd4 13. Qd2 Nf3+ 14. gxf3
Bxf3 15. Bxb6 Qg4+ 0-1

[Event "19. Wch 2009 Veteranos"]
[Site "Condino ITA"]
[Date "2009.11.05"]
[Round "9.59"]
[White "Belokopyt, Boris"]
[Black "Catania, Duane"]
[Result "0-1"]
[WhiteElo "2050"]
[BlackElo "1800"]
[PlyCount "76"]
[EventDate "2009.10.27"]
[EventType "swiss"]
[EventRounds "11"]
[EventCountry "ITA"]
[Source "lmi"]
[SourceDate "2009.10.27"]

1. e4 e6 2. d3 d5 3. Nd2 c5 4. Ngf3 Nc6 5. g3 Bd6 6. Bg2 Qc7 7. c3 Nge7 8. O-O
f6 9. Re1 O-O 10. d4 cxd4 11. cxd4 Nb4 12. Rf1 Bd7 13. a3 Nc2 14. Ra2 Bb5 15.
e5 fxe5 16. dxe5 Bc5 17. b4 Bxf1 18. Bxf1 Bxf2+ 19. Kh1 Ne3 20. Qe2 Qxc1 21.
Qxf2 Nxf1 22. Nxf1 Rxf3 23. Qxf3 Rf8 24. Qe2 Qxf1+ 25. Qxf1 Rxf1+ 26. Kg2 Rc1
27. Kf3 Nc6 28. Kf4 Rf1+ 29. Ke3 Nxe5 30. Kd4 Nc6+ 31. Kc5 Kf7 32. Kd6 a6 33.
Kc7 Rb1 34. Kxb7 Nxb4 35. axb4 Rxb4+ 36. Kxa6 e5 37. Ka5 Rb1 38. Rc2 d4 0-1

[Event "19. Wch 2009 Veteranos"]
[Site "Condino ITA"]
[Date "2009.11.05"]
[Round "9.61"]
[White "Rubinstein, Mark"]
[Black "Birkestrand, Odd"]
[Result "1/2-1/2"]
[WhiteElo "2015"]
[BlackElo "1900"]
[PlyCount "63"]
[EventDate "2009.10.27"]
[EventType "swiss"]
[EventRounds "11"]
[EventCountry "ITA"]
[Source "lmi"]
[SourceDate "2009.10.27"]

1. d4 Nf6 2. c4 c5 3. d5 b5 4. b3 b4 5. f3 d6 6. Bb2 g6 7. Nd2 Bg7 8. Qc2 Bb7
9. e4 Nbd7 10. Ne2 O-O 11. g4 e6 12. Ng3 exd5 13. cxd5 Re8 14. Be2 Nb6 15.
O-O-O a5 16. Bb5 Re7 17. Nc4 Ba6 18. Bc6 Nxc4 19. bxc4 Rb8 20. g5 Ne8 21. Bxg7
Nxg7 22. h4 Bc8 23. Rh2 Ra7 24. Rd3 Bd7 25. Qa4 Rb6 26. Bxd7 Qxd7 27. Qxd7 Rxd7
28. Rb2 a4 29. Kc2 Ne8 30. Kc1 Nc7 31. Nf1 Na8 32. Nd2 1/2-1/2

[Event "19. Wch 2009 Veteranos"]
[Site "Condino ITA"]
[Date "2009.11.05"]
[Round "9.63"]
[White "Vladov, Mark"]
[Black "Zotin, Vladimir"]
[Result "0-1"]
[WhiteElo "1915"]
[BlackElo "2015"]
[PlyCount "46"]
[EventDate "2009.10.27"]
[EventType "swiss"]
[EventRounds "11"]
[EventCountry "ITA"]
[Source "lmi"]
[SourceDate "2009.10.27"]

1. Nf3 Nf6 2. c4 c5 3. g3 Nc6 4. Bg2 g6 5. e3 Bg7 6. d4 cxd4 7. exd4 d5 8. Na3
Bg4 9. Be3 O-O 10. O-O dxc4 11. Nxc4 e6 12. h3 Bxf3 13. Bxf3 Nd5 14. Qd2 Qf6
15. Bg2 Nxd4 16. f4 Rfd8 17. Bf2 Rac8 18. Rac1 Nb6 19. Nxb6 Rxc1 20. Rxc1 Nf3+
21. Bxf3 Rxd2 22. Rc8+ Rd8 23. Nd7 Qe7 0-1

[Event "19. Wch 2009 Veteranos"]
[Site "Condino ITA"]
[Date "2009.11.05"]
[Round "9.64"]
[White "Zharokov, Biket"]
[Black "Mentink, Toon"]
[Result "1-0"]
[WhiteElo "2000"]
[BlackElo "1865"]
[PlyCount "57"]
[EventDate "2009.10.27"]
[EventType "swiss"]
[EventRounds "11"]
[EventCountry "ITA"]
[Source "lmi"]
[SourceDate "2009.10.27"]

1. d4 Nf6 2. Nf3 c5 3. c3 g6 4. Bf4 Na6 5. e3 b6 6. Nbd2 Bg7 7. Bd3 O-O 8. O-O
Nc7 9. Re1 d5 10. h3 Bb7 11. Ne5 Ne6 12. Bh2 Ne4 13. Nxe4 dxe4 14. Bc4 Bd5 15.
Qb3 Bxc4 16. Qxc4 cxd4 17. exd4 b5 18. Qb3 a5 19. Rxe4 a4 20. Qxb5 Ra5 21. Qe2
Qc8 22. Re1 Ng5 23. Nc4 Ra7 24. Rxe7 Rxe7 25. Qxe7 Nxh3+ 26. gxh3 Qxc4 27. a3
Qb5 28. Qe2 h5 29. Qxb5 1-0

[Event "19. Wch 2009 Veteranos"]
[Site "Condino ITA"]
[Date "2009.11.05"]
[Round "9.66"]
[White "Schwertel, Johann"]
[Black "Bue, Gunnar"]
[Result "1/2-1/2"]
[WhiteElo "1975"]
[BlackElo "1855"]
[PlyCount "41"]
[EventDate "2009.10.27"]
[EventType "swiss"]
[EventRounds "11"]
[EventCountry "ITA"]
[Source "lmi"]
[SourceDate "2009.10.27"]

1. d4 Nf6 2. Nf3 g6 3. Bf4 Bg7 4. e3 d6 5. c3 O-O 6. Bc4 c6 7. Nbd2 b5 8. Bb3
a5 9. a3 Nbd7 10. O-O Nb6 11. Re1 Nh5 12. Bg5 Be6 13. e4 h6 14. Be3 Nf6 15.
Bxe6 fxe6 16. d5 cxd5 17. Nd4 Qd7 18. Nxe6 Qxe6 19. Bxb6 dxe4 20. Qe2 d5 21.
Be3 1/2-1/2

[Event "19. Wch 2009 Veteranos"]
[Site "Condino ITA"]
[Date "2009.11.05"]
[Round "9.69"]
[White "Ramusch, Arnulf"]
[Black "Acunzo, Domenico"]
[Result "1-0"]
[WhiteElo "1960"]
[BlackElo "1830"]
[PlyCount "59"]
[EventDate "2009.10.27"]
[EventType "swiss"]
[EventRounds "11"]
[EventCountry "ITA"]
[Source "lmi"]
[SourceDate "2009.10.27"]

1. d4 e6 2. c4 f5 3. g3 Nf6 4. Bg2 d5 5. Qc2 c6 6. Nh3 Bd6 7. Bf4 Be7 8. Nd2 a5
9. Nf3 Ne4 10. O-O O-O 11. Bxb8 Rxb8 12. Nf4 Bd6 13. Nd3 Bd7 14. Nfe5 Be8 15.
c5 Bc7 16. b4 axb4 17. Rfb1 Qg5 18. e3 Rf6 19. Rxb4 Rh6 20. Rab1 Qh5 21. h4 g5
22. Bf3 g4 23. Nf4 gxf3 24. Nxh5 Bxh5 25. Rxb7 Rxb7 26. Rxb7 Nxg3 27. fxg3 Bxe5
28. dxe5 Rg6 29. Rb8+ Kf7 30. Qa4 1-0

[Event "19. Wch 2009 Veteranos"]
[Site "Condino ITA"]
[Date "2009.11.05"]
[Round "9.71"]
[White "Haupt, Joachim"]
[Black "Korenevski, Oleg"]
[Result "1/2-1/2"]
[WhiteElo "1870"]
[BlackElo "1940"]
[PlyCount "23"]
[EventDate "2009.10.27"]
[EventType "swiss"]
[EventRounds "11"]
[EventCountry "ITA"]
[Source "lmi"]
[SourceDate "2009.10.27"]

1. e4 e6 2. d4 d5 3. exd5 exd5 4. Nf3 Bg4 5. Be2 Nf6 6. Ne5 Bxe2 7. Qxe2 Qe7 8.
O-O Nbd7 9. Re1 O-O-O 10. Nc3 Qe6 11. Qf3 Re8 12. Bd2 1/2-1/2

[Event "19. Wch 2009 Veteranos"]
[Site "Condino ITA"]
[Date "2009.11.05"]
[Round "9.73"]
[White "Weller, Friedhelm"]
[Black "Flotten, Erling"]
[Result "1-0"]
[WhiteElo "1945"]
[BlackElo "1840"]
[PlyCount "113"]
[EventDate "2009.10.27"]
[EventType "swiss"]
[EventRounds "11"]
[EventCountry "ITA"]
[Source "lmi"]
[SourceDate "2009.10.27"]

1. e4 c6 2. d4 d5 3. exd5 cxd5 4. Nf3 Nc6 5. Nc3 e6 6. a3 a6 7. Bf4 Bd6 8. Qd2
Nf6 9. Bxd6 Qxd6 10. Bd3 O-O 11. O-O h6 12. Rae1 Bd7 13. Ne2 Ne4 14. Qd1 f5 15.
c4 Rac8 16. c5 Qe7 17. b4 Na7 18. a4 Qe8 19. Bc2 g5 20. Ne5 Nc6 21. Nxc6 Bxc6
22. f3 Nf6 23. Ng3 Qf7 24. Qd3 Bd7 25. Re5 h5 26. h3 h4 27. Ne2 Nh5 28. Kh2 Qg7
29. Qd2 f4 30. Re1 Rf6 31. Nc3 Ng3 32. Qd1 b6 33. Qb1 b5 34. axb5 axb5 35. Qa2
Rff8 36. Qb3 Ra8 37. Bd3 Rab8 38. Ra1 Ra8 39. Qb2 Qf6 40. Ra5 Rxa5 41. bxa5 Ra8
42. Qa2 b4 43. Nxd5 Qd8 44. Nb6 b3 45. Qa3 b2 46. Re1 Ra7 47. Rb1 Bc6 48. Qc3
Rxa5 49. Nc4 Ra1 50. Qxb2 Rxb1 51. Bxb1 Bd5 52. Nd6 Qa5 53. Qb6 Qa8 54. Qc7 e5
55. Qh7+ Kf8 56. Qh8+ Bg8 57. Qf6+ 1-0

[Event "19. Wch 2009 Veteranos"]
[Site "Condino ITA"]
[Date "2009.11.05"]
[Round "9.81"]
[White "Gill, William"]
[Black "Trifoni, Giorgio"]
[Result "1-0"]
[WhiteElo "1710"]
[BlackElo "1635"]
[PlyCount "105"]
[EventDate "2009.10.27"]
[EventType "swiss"]
[EventRounds "11"]
[EventCountry "ITA"]
[Source "lmi"]
[SourceDate "2009.10.27"]

1. Nf3 b6 2. c4 Bb7 3. d4 e6 4. g3 Ne7 5. Bg2 d6 6. O-O Nd7 7. Nc3 a6 8. b3 g6
9. Bb2 Bg7 10. e3 h6 11. Qc2 g5 12. Rad1 Ng6 13. Nd2 Bxg2 14. Kxg2 g4 15. Ne2
h5 16. f4 gxf3+ 17. Rxf3 h4 18. Nf4 Ndf8 19. Rdf1 Qe7 20. Nxg6 Nxg6 21. Rxf7
Qxf7 22. Rxf7 Kxf7 23. Ne4 Bh6 24. Qf2+ Kg7 25. Qf6+ Kh7 26. Qf7+ Bg7 27. Nf6+
Kh6 28. Ng4+ Kh7 29. d5 e5 30. Qxc7 Rhd8 31. Nf6+ Kh6 32. Ne4 Bf8 33. Qf7 Be7
34. Nf6 Bxf6 35. Qxf6 hxg3 36. hxg3 Rac8 37. e4 b5 38. Bc1+ Kh7 39. Qf7+ Kh8
40. Qxg6 bxc4 41. Bh6 Rg8 42. Qf6+ Kh7 43. Bg5 Rg6 44. Qf7+ Rg7 45. Qf5+ Rg6
46. Qxc8 Rxg5 47. Qxc4 Rg4 48. Kf3 Rg6 49. Qxa6 Kh6 50. Qc8 Rf6+ 51. Ke2 Kg5
52. Qg8+ Rg6 53. Qh7 1-0